000 nam a22 7a 4500
999 _c7578
_d7578
008 170921b xxu||||| |||| 00| 0 eng d
100 _94091
_aEzekilel.G
245 _aCaptain Coolthe M.S Dhani Stroy
260 _aNew Delhi
_bWest land